Introduction. Nourrir l’enfance, gouverner les corps (notice n° 1757819)
[ vue normale ]
| 000 -LEADER | |
|---|---|
| fixed length control field | 00970cam a2200169 4500500 |
| 005 - DATE AND TIME OF LATEST TRANSACTION | |
| control field | 20260322010606.0 |
| 041 ## - LANGUAGE CODE | |
| Language code of text/sound track or separate title | fre |
| 042 ## - AUTHENTICATION CODE | |
| Authentication code | dc |
| 100 10 - MAIN ENTRY--PERSONAL NAME | |
| Personal name | Bentouhami-Molino, Hourya |
| Relator term | author |
| 245 00 - TITLE STATEMENT | |
| Title | Introduction. Nourrir l’enfance, gouverner les corps |
| 260 ## - PUBLICATION, DISTRIBUTION, ETC. | |
| Date of publication, distribution, etc. | 2026.<br/> |
| 500 ## - GENERAL NOTE | |
| General note | 8 |
| 520 ## - SUMMARY, ETC. | |
| Summary, etc. | La Chine semble être la grande gagnante du retrait américain d’Afghanistan. Elle peut combler le vide stratégique et renforcer son emprise sur le cœur de l’Eurasie. De plus, elle peut intégrer l’Afghanistan dans l’initiative « Belt and Road », en construisant des infrastructures en échange de l’exploitation des ressources minérales de ce pays dévasté. En bref, la perte des États-Unis est le gain de la Chine. |
| 700 10 - ADDED ENTRY--PERSONAL NAME | |
| Personal name | Cohen, Mathilde |
| Relator term | author |
| 786 0# - DATA SOURCE ENTRY | |
| Note | Cahiers du Genre | 79 | 2 | 2026-01-20 | p. 5-22 | 1298-6046 |
| 856 41 - ELECTRONIC LOCATION AND ACCESS | |
| Uniform Resource Identifier | <a href="https://shs.cairn.info/revue-cahiers-du-genre-2025-2-page-5?lang=fr&redirect-ssocas=7080">https://shs.cairn.info/revue-cahiers-du-genre-2025-2-page-5?lang=fr&redirect-ssocas=7080</a> |
Pas d'exemplaire disponible.




Réseaux sociaux